000 01480nam a2200337 i 4500
003 EG-GICUC
005 20260121101718.0
008 260112s1971 ua ||||f |||| 00| 0 ara d
017 _a1970/5433
040 _a EG-GICUC
_bara
_c EG-GICUC
_d EG-GICUC
_erda
041 _aara
082 0 4 _221
_a345.457
_bع ب . ج
092 0 4 _221
099 _aLaw1 07 345.457 ع ب . ج 1971
100 0 _aعبد الوهاب البنداري
_eمؤلف.
245 1 2 _aالجرائم التأديبية والجنائية للعاملين المدنيين بالدولة والقطاع العام :
_bدراسة فقهية قضائية وفقا لأحدث آراء الفقه وأحكام القضاء وفتاوى مجلس الدولة /
_cعبد الوهاب البنداري .
264 3 _aالقاهرة :
_bالمطبعة العالمية ،
_c1971 .
300 _a304 ؛ صفحة
_c24 سم
336 _2rda content
_atext
337 _2rda media
_aComputer
338 _2rda carrier
_aOnline Resource
504 _a. 304-285 ببليوجرافيا: صفحات.
504 _aيشتمل على إرجاعات ببليوجرافية
505 _tالمرجع في القانون التأديبي مقارنا بالقانون الجنائي
650 1 4 _aالجريمة التأديبية
_2qrmak
650 1 4 _aالقانون الإداري
651 1 _2qrmak
856 4 0 _uhttps://fll.law.cu.edu.eg/fulltext/bks/B07-02271.pdf
905 _a61
942 _2ddc
_cBK
_e21
_n0
999 _c56480
_d56480